000 00306nam a22001337a 4500
008 171013b xxu||||| |||| 00| 0 eng d
020 _a9780875814025
041 _aeng
080 _a316
100 _a50
101 _aSOC
245 _aSOCIAL WORK RESEARCH & EVALUATION
_cGRINNELL, R.M
942 _2udc
_cBK
999 _c33635
_d33635